Thermodynamics and statistical Mechanics (Record no. 212)

MARC details
000 -LEADER
Fixed length control field 00452nam a2200169 4500
003 - CONTROL NUMBER IDENTIFIER
Control field SEACOMEC
005 - DATE AND TIME OF LATEST TRANSACTION
Control field 20240417150310.0
008 - FIXED-LENGTH DATA ELEMENTS--GENERAL INFORMATION
Fixed length control field 231007b |||||||| |||| 00| 0 eng d
040 ## - CATALOGING SOURCE
Original cataloging agency SEACOMEC
082 ## - DEWEY DECIMAL CLASSIFICATION NUMBER
Classification number 536.7
Book Number A883
100 1# - MAIN ENTRY--PERSONAL NAME
Personal name Attard, Phil
245 1# - TITLE STATEMENT
Title Thermodynamics and statistical Mechanics
Sub title equilibrium by entropy maximization
Statement of responsibility Phil Attard
260 ## - IMPRINT
Place of publication New Delhi
Name of publisher Elsevier
Date of publication 2005
650 ## - SUBJECT ADDED ENTRY--TOPICAL TERM
Topical term Physics
650 ## - SUBJECT ADDED ENTRY--TOPICAL TERM
Topical term Heat
942 ## - ADDED ENTRY ELEMENTS (KOHA)
Koha item type Books
Holdings
Withdrawn status Lost status Source of classification Damaged status Not for loan Home library Current library Date acquired Total Checkouts Call number Accession number Date last seen Price effective from Koha item type
    Dewey Decimal Classification     SEACOM ENGINEERING COLLEGE SEACOM ENGINEERING COLLEGE 04/08/2006   536.7 A883 5181 17/04/2024 17/04/2024 Books
© Seacom Engineering College, All rights reserved.      Powered by Koha